Statistics for Deep South- Name the states

Click here to take the quiz!

General Stats

  • This quiz has been taken 92 times
    (58 since last reset)
  • The average score is 10 of 11

Answer Stats

State% Correct
Alabama
100%
Georgia
100%
Florida
98%
Mississippi
98%
South-Carolina
96%
Texas
94%
Louisiana
92%
Arkansas
91%
North Carolina
91%
Tennessee
91%
Virginia
83%

Score Distribution

Percentile by Number Answered

Percent of People with Each Score

Your Score History

You have not taken this quiz since the last reset